000 00898nam a2200241 i 4500
001 142543
003 ES-MaACL
005 20250827222022.0
007 t|
008 071008s1988 sp ||||1| spa d
020 _a84-7658-091-6
080 _a621.039.588:621.311.25(477.41 Chernobil)
100 1 _aVilanova, Santiago.
_9114779
245 1 0 _aChernobil
_b: el fin del mito nuclear : el impacto informativo y biológico del mayor accidente de la industria electronuclear /
_cSantiago Vilanova.
260 _aBarcelona :
_bAnthropos ; [Leoia] : Servicio Editorial de la Universidad del País Vasco,
_c1988.
300 _a276 p. :
_bil. ;
_c20 cm.
490 1 _aNueva ciencia ;
_v3
650 1 4 _aAccidentes nucleares-
_zChernobyl.
_99577
710 2 _aUniversidad del País Vasco
_97367
830 0 _aNueva ciencia ;
_v3
_9177424
852 _aES-MaACL
_jL-12328
999 _c142543
_d142543